MDQL
is popping MORE tags! Check the
thread
!
Quizzes
Events
Quiz Creation
Community
Videos
Private Events
Remove Ads
Sign In
Join for FREE
Feedback
Dark Mode
Quiz Categories
Sports
Geography
Music
Movies
Television
Just For Fun
Miscellaneous
History
Literature
Language
Science
Gaming
Entertainment
Religion
Holiday
For Kids
Quiz Lab
Recent
Popular Today
Quiz Kudos Today
Editor Picks
Curator Picks
Quizzes by...
Day
Popularity
Type
Ratings
Length
Year
Community
Subscriptions
Recent Discussions
Orange Saloon
Badges
Playlists
Quests
Create
Leaderboards
Showdown
Live 5
Trivia Bingo
Activity
Puzzle Library
Sporcle Events
Private Events
Virtual Trivia
Globe League
Become a Host
Pub Owners
SporcleCon
Opinionation
Our Games
Videos
Blog
Mobile Apps
Partnerships
Remove Ads and Go Orange
Feedback
Holiday
Halloween
Christmas
Holiday Songs
April Fools'
Thanksgiving
Valentine's Day
Easter
St Patrick's Day
National Holiday
Religious Holiday
Holiday
Halloween
Christmas
Holiday Songs
April Fools'
Thanksgiving
Valentine's Day
Easter
St Patrick's Day
National Holiday
Religious Holiday
Random Quiz
Search Sporcle
×
Quiz Lab
Quiz Lab
Holiday
Song
Type in answers that appear in a list
Type in answers that appear in a list
Classic
Best Score? Go Orange.
Christmas Carols by First Line Stats
Can you name the common Christmas carols by their first line?
By
Mark_Goldenstein
6m
20 Questions
378 Plays
378 Plays
378 Plays
Comments
Comments
Give Quiz Kudos
Give Quiz Kudos
-
- Ratings
hide this ad
Forced Order
Answers have to be entered in order
Answers have to be entered in order
Random Order
Randomize order of answers
Randomize order of answers
Replay
Link that replays current quiz
Next Quiz
Link to next quiz in quiz playlist
You Got
0%
They Got
Avg Score
46%
Avg Friend Score
Upgrade to see
Score Distribution
Jump to the score distribution portion of the page
Score
0/20
Timer
06:00
0
Plays Today
Lyric
Song
% Correct
_
_
_
_
_
_
_
_
_
, holy night all is calm, all is bright
Silent Night
81.2%
_
_
_
_
_
_
_
_
_
_
_
_
_
_
_
_
_
, no crib for His bed
Away in a Manger
77.5%
Dashing through the snow, in a one horse open sleigh
Jingle Bells
77.5%
_
_
_
_
_
_
_
_
_
_
_
_
with boughs of holly
Deck the Halls
74.1%
_
_
_
_
_
_
_
_
_
_
_
_
_
_
_
_
, was a jolly, happy soul
Frosty the Snowman
65.1%
_
_
_
_
_
_
_
_
_
_
_
_
_
_
_
, joyful and triumphant
O Come all Ye Faithful
61.1%
_
_
_
_
_
_
_
_
_
_
_
_
_
_
_
_
_
_
_
_
_
_
glory to the newborn King!
Hark the Herald Angels Sing
59.3%
_
_
_
_
_
_
_
_
_
come sailing in on Christmas day, on Christmas day
I Saw Three Ships
59%
Said the night wind to the little lamb, do you see what I see?
Do You Hear What I Hear?
52.9%
_
_
_
_
_
_
_
_
_
_
_
_
_
_
_
_
_
_
_
_
_
_
_
let nothing you dismay
God Rest Ye Merry Gentlemen
52.6%
Lyric
Song
% Correct
_
_
_
_
_
_
_
_
, the Angels did say, was to certain poor shepherds in fields as they lay
The First Noel
52.4%
_
_
_
_
_
_
_
_
_
_
_
_
_
_
_
looked out on the feast of Stephen
Good King Wenceslas
47.6%
_
_
_
_
_
_
_
_
_
_
_
_
_
_
how still we see thee lie
O Little Town of Bethlehem
44.2%
Hark! How the bells, sweet silver bells
Carol of the Bells
33.9%
_
_
_
_
_
_
_
_
_
_
_
_
_
_
_
_
_
_
_
_
in heav'n the bells are ringing
Ding Dong Merrily on High
23%
Who's got a beard that's long and white? Santa's got a beard that's long and white.
Must Be Santa
18.5%
_
_
_
_
_
_
_
_
_
_
_
_
_
_
_
_
_
_
_
_
_
_
_
_
_
, wing your flight o'er all earth
Angels From the Realms of Glory
16.4%
_
_
_
_
_
_
_
_
_
_
_
_
_
_
_
_
_
_
_
_
_
_
_
with heart and soul and voice!
Good Christian Men Rejoice
14.6%
_
_
_
_
_
_
, _
_
_
_
_
_
, _
_
_
_
_
_
_
, on can hear the falling snow
Still, Still, Still
6.6%
_
_
_
_
_
_
_
_
_
_
_
_
_
_
_
_
_
_
_
_
_
_
_
_
_
_
, Whereon the Saviour of the world was born
Christians Awake Salute the Happy
4%
Quiz Playlist
Details
Report
Send in Message
Add To Playlist
Classic:
Type in answers that appear in a list
Forced Order:
Answers have to be entered in order
Random Order:
Randomize order of answers
Last Updated: Feb 16, 2017
Quiz Scoreboard
CHALLENGE
Sign Up to Join the Scoreboard
Show All
Scores
Hide
Comments
May contain spoilers
Recently Published
1-10 Letter E Words III
by El_Dandy
Language
2m
Street Fighter Characters
by Artimus82
Gaming
60s
College Basketball Coaching Resumes
by pancakes188
Sports
9m
More to Explore
Quiz From the Vault
Featured Blog Post
Where Did the Easter Bunny Come From?
hide this ad
You Might Also Like...
Tags
Christmas Quiz
Religious Holiday Quiz
Song Quiz
Carol
Today's Top Quizzes in Holiday
Browse Holiday
hide this ad
Today's Top Quizzes in Song
Browse Song
Top Contributed Quizzes in Holiday
1
5-to-1: Holiday Songs
2
5-to-1: Thanksgiving
3
Easter - Did You Know?
4
Countries of the World: 200 Million BC
5
Word Ladder: Four Leaf Clover
6
Show What You Know: US Federal Holidays
7
Slices of Holidays
8
3-per Word Ladder: Listen Up!
9
Click the Cartoon Easter Bunny
10
Who Does Mariah Carey Want For Christmas?
Explore More
Trending Topics
Anime
Disney
Marvel
Harry Potter
Crossword
NBA
Kpop
Soccer
Song
Pokémon
Country
Puzzle
NFL
The Office
WWE
hide this ad
More By:
Mark_Goldenstein
Quiz
Plays
Rating
Category
Featured
Created
Christmas Carols by First Line
378
4.80
Holiday
Dec 9, 2010
MLB Teams by Announcers
293
4.60
Sports
Dec 23, 2010
Countries in Spanish
148
3.00
Language
Dec 11, 2010
Branch Rickey Award Winners
18
5.00
Sports
Feb 25, 2011
Go to Creator's Profile
Score Distribution
Quiz Creator Spotlight
Mark_Goldenstein
Follow
Send a Message
Quizzes Created
-
Created Quiz Play Count
-
More By This Creator
Popular Quizzes Today
1
Find the US States - No Outlines Minefield
2
Find the Countries of Europe - No Outlines Minefield
3
The Countries of the World
4
Find the US States
5
Risky Map Clicking: Biggest States A-Z
6
US States
7
Popular People in 1961
8
Movies - When Are They Set?
More Holiday Quizzes
Get the Picture: Halloween Candy
Editor's Pick
Trending Quizzes
Risky Map Clicking: Least Populous States A-Z
Billboard Blitz: Aretha Franklin
Famous Russians: Author or Composer?
1-10 Letter G Words
Countries of the World: 200 Million BC
Recently Updated
Leaping Animals
pecheneg
Reality TV Shows (A-Z)
bhenderson79
Rickey Henderson's Hall of Fame Teammates
pecheneg
Champions League XIs: Arsenal
pecheneg
Quick Pick: Celebrities in WWE's Hall of Fame
aduchscher
A-Z Keypad Blitz II
pecheneg
Multiple Oscar Actors
pecheneg
Mystery Phrase Blitz: Oscar 'Best Actors'
pecheneg
F. Scott Fitzgerald Novels
LTH
Pick 3 Villains
ddd62291
Trending Topics
Crossword
Anime
NBA
Marvel
Disney
Harry Potter
Kpop
Puzzle
Soccer
Pokémon
The Office
WWE
Song
Country
NFL
Your Account Isn't Verified!
In order to create a playlist on Sporcle, you need to verify the email address you used during registration. Go to your
Sporcle Settings
to finish the process.
Report this User
Report this user for behavior that violates our
Community Guidelines
.
Details:
Send Report
Go to the Sporcle.com Mobile Site →
Comments